[Event "II. CLANSKA LIGA ZAHOD 2023"]
[Site "Komenda"]
[Date "2023.11.19"]
[Round "4.2"]
[White "Cimperman, Teo"]
[Black "Herega, Nejc"]
[Result "0-1"]
[WhiteElo "1640"]
[BlackElo "2236"]
[PlyCount "82"]
[EventDate "2023.11.19"]
[WhiteTeam "SK KOMENDA"]
[BlackTeam "SK NOVA GORICA"]

1. e4 c5 2. Nf3 d6 3. d4 cxd4 4. Nxd4 Nf6 5. Nc3 a6 6. g3 e5 7. Nb3 Be7 8. Bg2
O-O 9. O-O b5 10. Nd5 Nxd5 11. Qxd5 Ra7 12. Be3 Be6 13. Qd2 Ra8 14. f4 Nc6 15.
f5 Bc4 16. Rf2 a5 17. Bf1 Rb8 18. h4 a4 19. Nc1 d5 20. Bxc4 bxc4 21. exd5 Nb4
22. b3 c3 23. Qxc3 Rc8 24. Qb2 a3 25. Qb1 Nxd5 26. Bd2 Bc5 27. Nd3 Bd4 28. c4
e4 29. Nf4 Nxf4 30. Bxf4 Qf6 31. Bg5 Bxf2+ 32. Kxf2 Qxf5+ 33. Kg1 Qf3 34. Qe1
Rc6 35. Rd1 h6 36. Bf4 Re8 37. Rd4 e3 38. b4 Re4 39. Rd8+ Kh7 40. b5 Rg6 41.
Bc7 Rxh4 0-1

[Event "II. CLANSKA LIGA ZAHOD 2023"]
[Site "Komenda"]
[Date "2023.11.19"]
[Round "4.3"]
[White "Markocic, Tine"]
[Black "Babarovic, Fran"]
[Result "1-0"]
[WhiteElo "2059"]
[BlackElo "1653"]
[PlyCount "75"]
[EventDate "2023.11.19"]
[WhiteTeam "SK NOVA GORICA"]
[BlackTeam "SK KOMENDA"]

1. e4 e5 2. Bc4 Nf6 3. d3 Bc5 4. Nc3 c6 5. f4 Bxg1 6. Rxg1 d5 7. exd5 Nxd5 8.
Qf3 Qh4+ 9. g3 Qxh2 10. Rh1 Bg4 11. Rxh2 Bxf3 12. Kf2 Nxc3 13. Kxf3 Nd5 14. Re2
Nd7 15. fxe5 O-O-O 16. Bg5 Rde8 17. Rae1 h6 18. Bd2 Re6 19. d4 Rhe8 20. a4 f6
21. exf6 Rxf6+ 22. Kg2 Rxe2+ 23. Bxe2 a6 24. a5 Kc7 25. Bd3 c5 26. c4 Nb4 27.
Bb1 Nc6 28. dxc5 Nxc5 29. b4 Nb3 30. Bc3 Nbd4 31. Bxd4 Nxd4 32. Re7+ Kc8 33.
Be4 Nc6 34. Rxg7 Rd6 35. Kh3 Nxb4 36. Rxb7 Nc6 37. Rb6 Kc7 38. Rxa6 1-0

[Event "II. CLANSKA LIGA ZAHOD 2023"]
[Site "Komenda"]
[Date "2023.11.19"]
[Round "4.4"]
[White "Perme, Metod"]
[Black "Vicic, Mark"]
[Result "0-1"]
[WhiteElo "1301"]
[BlackElo "1734"]
[PlyCount "64"]
[EventDate "2023.11.19"]
[WhiteTeam "SK KOMENDA"]
[BlackTeam "SK NOVA GORICA"]

1. e4 d5 2. Nc3 dxe4 3. Nxe4 Nf6 4. Bd3 e6 5. a3 Nc6 6. Nf3 Be7 7. O-O O-O 8.
b4 a5 9. Bb2 axb4 10. axb4 Rxa1 11. Qxa1 Nxb4 12. Bc4 Nxe4 13. Qe1 Nf6 14. Bb3
Bd7 15. c3 Nd3 16. Qb1 Bc6 17. Nd4 Nxb2 18. Qxb2 Bd5 19. Ba2 Bc5 20. Nb3 Bb6
21. d4 Qd6 22. Qe2 Qc6 23. f3 Qxc3 24. Rd1 Bxb3 25. Bxb3 Qxb3 26. h3 Rd8 27.
Qe5 Qxd1+ 28. Kh2 Bxd4 29. Qxc7 Bg1+ 30. Kg3 Qe1+ 31. Kf4 Bh2+ 32. Kg5 h6# 0-1

[Event "II. CLANSKA LIGA ZAHOD 2023"]
[Site "Komenda"]
[Date "2023.11.19"]
[Round "4.5"]
[White "Zagorsek, Nejc"]
[Black "Zagar, Katarina"]
[Result "1-0"]
[WhiteElo "1341"]
[BlackElo "1157"]
[PlyCount "83"]
[EventDate "2023.11.19"]
[WhiteTeam "SK NOVA GORICA"]
[BlackTeam "SK KOMENDA"]

1. d4 Nf6 2. c4 e6 3. Nf3 d5 4. g3 Be7 5. Bg2 O-O 6. O-O c6 7. Qb3 dxc4 8. Qxc4
Nbd7 9. Rd1 Nb6 10. Qc2 Qc7 11. Bf4 Bd6 12. Bxd6 Qxd6 13. e4 Qe7 14. a4 a5 15.
Ne5 Nfd7 16. Nd3 e5 17. dxe5 Nxe5 18. Nxe5 Qxe5 19. f4 Qc7 20. Na3 Qe7 21. Qb3
Nd7 22. Rac1 Nc5 23. Qc2 Na6 24. Qc3 Nb4 25. Qe3 Be6 26. e5 Nd5 27. Bxd5 Bxd5
28. Rc3 Qe6 29. Nc2 Qh3 30. Rxd5 cxd5 31. Nd4 Rfc8 32. Nb5 Rxc3 33. bxc3 Qc8
34. Nd6 Qc6 35. f5 f6 36. g4 fxe5 37. Qxe5 Qc5+ 38. Kh1 h6 39. Qe6+ Kh7 40. g5
Rf8 41. g6+ Kh8 42. Nf7+ 1-0

[Event "II. CLANSKA LIGA ZAHOD 2023"]
[Site "Komenda"]
[Date "2023.11.19"]
[Round "4.6"]
[White "Perme, Lojze"]
[Black "Leban, Vilijan"]
[Result "0-1"]
[WhiteElo "1053"]
[BlackElo "1368"]
[PlyCount "44"]
[EventDate "2023.11.19"]
[WhiteTeam "SK KOMENDA"]
[BlackTeam "SK NOVA GORICA"]

1. e4 c5 2. Nf3 d6 3. d4 cxd4 4. Nxd4 Nf6 5. Nc3 a6 6. f3 b5 7. a3 Bb7 8. Be2
Qc7 9. O-O Nbd7 10. Be3 e6 11. Qd2 Rd8 12. Rad1 Be7 13. Rfe1 O-O 14. Bg5 Qc5
15. b4 Qb6 16. Be3 Qc7 17. Na2 Nb6 18. Rc1 d5 19. Bf4 e5 20. Bxe5 Qxe5 21. Bf1
dxe4 22. Bd3 Qxd4+ 0-1

[Event "II. CLANSKA LIGA ZAHOD 2023"]
[Site "Komenda"]
[Date "2023.11.19"]
[Round "4.1"]
[White "Marchesich, Giovanni"]
[Black "Bratovic, Blaz"]
[Result "1-0"]
[WhiteElo "2197"]
[BlackElo "2350"]
[PlyCount "75"]
[EventDate "2023.11.19"]
[WhiteTeam "SD PIRAN"]
[BlackTeam "SD GORENJKA LESCE"]

1. e4 c5 2. Nf3 e6 3. d4 cxd4 4. Nxd4 Nf6 5. Nc3 Nc6 6. Nxc6 bxc6 7. e5 Nd5 8.
Ne4 Qc7 9. f4 Qb6 10. c4 Bb4+ 11. Ke2 f5 12. Nf2 Ne7 13. Nd3 Ba6 14. Be3 Qb7
15. Qb3 Rb8 16. Nxb4 Qxb4 17. Qxb4 Rxb4 18. b3 g5 19. g3 Ng6 20. Kf2 Rg8 21.
Be2 Rb7 22. Bh5 Kd8 23. Bxg6 gxf4 24. gxf4 Rxg6 25. Rag1 Ke8 26. Rxg6 hxg6 27.
h4 d5 28. exd6 Rh7 29. Kg3 Bc8 30. Bd4 a6 31. c5 e5 32. Bxe5 Be6 33. Rh2 Bd5
34. Rd2 Rb7 35. Rxd5 cxd5 36. c6 Rf7 37. d7+ Kd8 38. Bc3 1-0

[Event "II. CLANSKA LIGA ZAHOD 2023"]
[Site "Komenda"]
[Date "2023.11.19"]
[Round "4.2"]
[White "Mencinger, Vojko"]
[Black "Bulic, Josip"]
[Result "1/2-1/2"]
[WhiteElo "2296"]
[BlackElo "2236"]
[PlyCount "66"]
[EventDate "2023.11.19"]
[WhiteTeam "SD GORENJKA LESCE"]
[BlackTeam "SD PIRAN"]

1. e4 Nf6 2. e5 Nd5 3. d4 d6 4. Nf3 Bg4 5. c4 Nb6 6. Be2 dxe5 7. Nxe5 Bxe2 8.
Qxe2 N8d7 9. Nf3 e6 10. O-O Be7 11. Re1 O-O 12. Nc3 Re8 13. Bf4 Nf8 14. Nb5 Bd6
15. Bxd6 cxd6 16. c5 dxc5 17. dxc5 Nd5 18. Nd6 Re7 19. Rad1 Rc7 20. Ne5 b6 21.
cxb6 axb6 22. Nb5 Rcc8 23. a3 Qg5 24. g3 Rc5 25. Kh1 Rac8 26. Nd4 Qf6 27. Rd3
R8c7 28. Rf3 Qd8 29. Rd1 Rc1 30. Rxc1 Rxc1+ 31. Kg2 Nf6 32. Ndc6 Qc7 33. Rc3
Rxc3 1/2-1/2

[Event "II. CLANSKA LIGA ZAHOD 2023"]
[Site "Komenda"]
[Date "2023.11.19"]
[Round "4.3"]
[White "Suc, Timothy"]
[Black "Pavlin, Damijan"]
[Result "1/2-1/2"]
[WhiteElo "2030"]
[BlackElo "1926"]
[PlyCount "50"]
[EventDate "2023.11.19"]
[WhiteTeam "SD PIRAN"]
[BlackTeam "SD GORENJKA LESCE"]

1. Nf3 Nf6 2. c4 c6 3. g3 d5 4. Bg2 Bg4 5. Qb3 Qb6 6. d3 Nbd7 7. Be3 Qxb3 8.
axb3 a6 9. h3 Bxf3 10. Bxf3 e5 11. O-O Bd6 12. Bg5 h6 13. Bxf6 Nxf6 14. cxd5
Nxd5 15. Nc3 Nf6 16. Ne4 Nxe4 17. Bxe4 O-O 18. Rfc1 Rae8 19. Ra4 Rd8 20. Kg2 g6
21. Kg1 Kg7 22. Kg2 Kg8 23. Kg1 Kg7 24. Kg2 Kg8 25. Kg1 Kg7 1/2-1/2

[Event "II. CLANSKA LIGA ZAHOD 2023"]
[Site "Komenda"]
[Date "2023.11.19"]
[Round "4.4"]
[White "Lanjscek, Miha"]
[Black "Ribicic, Marko"]
[Result "1-0"]
[WhiteElo "1785"]
[BlackElo "1757"]
[PlyCount "119"]
[EventDate "2023.11.19"]
[WhiteTeam "SD GORENJKA LESCE"]
[BlackTeam "SD PIRAN"]

1. d4 e6 2. c4 d5 3. Nc3 Nf6 4. cxd5 exd5 5. Bg5 Be7 6. Qc2 c6 7. Nf3 Bg4 8. e3
Nbd7 9. Bd3 Bh5 10. Bxf6 Nxf6 11. Ne5 Bg6 12. O-O Bxd3 13. Qxd3 Nd7 14. f4 f6
15. Nxd7 Qxd7 16. f5 O-O 17. Ne2 Bd6 18. Nf4 Bxf4 19. Rxf4 Rae8 20. Re1 Re7 21.
Rf3 Rfe8 22. g4 Re4 23. Rg3 h5 24. h3 hxg4 25. hxg4 Kf7 26. Qe2 Rh8 27. Qf2 Qd6
28. Qf3 Rh4 29. Kf2 Rh2+ 30. Rg2 Rxg2+ 31. Qxg2 c5 32. Rc1 c4 33. Qh3 Rxd4 34.
Qh5+ Ke7 35. Qh7 Rxg4 36. Rg1 Rxg1 37. Kxg1 Qg3+ 38. Kh1 Qf3+ 39. Kh2 Kf7 40.
Qg6+ Kf8 41. Qh7 Qf2+ 42. Kh1 Qe1+ 43. Kg2 Qd2+ 44. Kf3 Qxb2 45. Qh8+ Kf7 46.
Qc8 Qb5 47. Qc7+ Kf8 48. Qd6+ Ke8 49. Qe6+ Kf8 50. Qd6+ Ke8 51. Qe6+ Kd8 52.
Qg8+ Kc7 53. Qxg7+ Qd7 54. Qxf6 Qc6 55. Qg7+ Kb6 56. f6 d4+ 57. e4 d3 58. f7 d2
59. Qd4+ Ka6 60. f8=Q 1-0

[Event "II. CLANSKA LIGA ZAHOD 2023"]
[Site "Komenda"]
[Date "2023.11.19"]
[Round "4.5"]
[White "Debevec, Katarina"]
[Black "Kocjancic, Luka"]
[Result "0-1"]
[WhiteElo "1335"]
[BlackElo "1288"]
[PlyCount "86"]
[EventDate "2023.11.19"]
[WhiteTeam "SD PIRAN"]
[BlackTeam "SD GORENJKA LESCE"]

1. d4 d5 2. c4 e6 3. Nc3 Nf6 4. e3 Be7 5. Nf3 Nbd7 6. Be2 O-O 7. O-O c6 8. c5
b6 9. b4 a5 10. b5 bxc5 11. bxc6 Nb8 12. Bb5 Qb6 13. Qa4 Ba6 14. Ba3 Bxb5 15.
Qxb5 Qxb5 16. Nxb5 Nxc6 17. Bxc5 Bxc5 18. dxc5 Ne4 19. Rfc1 Rfc8 20. Rc2 Nb4
21. Rcc1 Nd3 22. Rc2 Rxc5 23. Rxc5 Ndxc5 24. Ne1 Rb8 25. Nd4 Rb2 26. f3 Nc3 27.
Rc1 N5a4 28. h3 Rxa2 29. Kh2 Rb2 30. Nd3 Rb8 31. Nc6 Ra8 32. Nde5 f6 33. Ng4
Kf7 34. Ra1 e5 35. Ra3 Ra6 36. Ncxe5+ fxe5 37. Nxe5+ Ke6 38. f4 Kd6 39. Nf3 Kc5
40. Nd4 Rb6 41. Ra1 Kc4 42. Nf5 g6 43. Ne7 Re6 0-1

[Event "II. CLANSKA LIGA ZAHOD 2023"]
[Site "Komenda"]
[Date "2023.11.19"]
[Round "4.6"]
[White "Primozic, Lovro"]
[Black "Levacic, Matic"]
[Result "1-0"]
[WhiteElo "1354"]
[BlackElo "1000"]
[PlyCount "113"]
[EventDate "2023.11.19"]
[WhiteTeam "SD GORENJKA LESCE"]
[BlackTeam "SD PIRAN"]

1. e4 e5 2. Nf3 Nc6 3. Bc4 Nf6 4. d3 h6 5. c3 d6 6. h3 Be7 7. Be3 O-O 8. Nbd2
Be6 9. Bb5 a6 10. Ba4 b5 11. Bc2 d5 12. O-O d4 13. cxd4 exd4 14. Bf4 Nh5 15.
Bh2 Bd6 16. e5 Bc5 17. Nb3 Ba7 18. g4 Qd7 19. gxh5 Bxh3 20. Re1 Qg4+ 21. Bg3
Qxh5 22. Nh2 Qg6 23. Qf3 Rfe8 24. Re2 Rad8 25. Rae1 h5 26. Kh1 Kh7 27. Bh4 Bg4
28. Nxg4 hxg4 29. Qe4 f5 30. Qf4 Qh5 31. Qg5 Qh6 32. Qxh6+ gxh6 33. Bxd8 Nxd8
34. Nd2 h5 35. Bb3 h4 36. Kh2 c5 37. f3 Nc6 38. a3 Kh6 39. e6 Bb8+ 40. Kg1 Ne7
41. fxg4 fxg4 42. Ne4 Kg6 43. Rf1 Be5 44. Nf2 Bh2+ 45. Kxh2 g3+ 46. Kg2 gxf2
47. Rexf2 Kh5 48. Rf8 Rxf8 49. Rxf8 Ng6 50. Rh8+ Kg5 51. Rg8 a5 52. Rxg6+ Kxg6
53. e7 c4 54. e8=Q+ Kg5 55. dxc4 d3 56. Qe5+ Kg4 57. Bd1# 1-0

[Event "II. CLANSKA LIGA ZAHOD 2023"]
[Site "Komenda"]
[Date "2023.11.19"]
[Round "4.1"]
[White "Rozman, Mitja"]
[Black "Prestrl, Jozef"]
[Result "1-0"]
[WhiteElo "1984"]
[BlackElo "1797"]
[PlyCount "115"]
[EventDate "2023.11.19"]
[WhiteTeam "DRUSTVO TOMO ZUPAN"]
[BlackTeam "SD RADOVLJICA"]

1. Nf3 Nf6 2. g3 g6 3. Bg2 Bg7 4. c3 c6 5. Qc2 d5 6. d3 O-O 7. e4 dxe4 8. dxe4
Qa5 9. a4 e5 10. Nbd2 Be6 11. b4 Qc7 12. O-O Nbd7 13. Ng5 Rfe8 14. Nxe6 Rxe6
15. Ra2 Ree8 16. Nc4 Nb6 17. Nxb6 Qxb6 18. Be3 Qc7 19. Qb3 a6 20. Rd1 Rad8 21.
Rad2 Rxd2 22. Rxd2 Rd8 23. Qd1 Rxd2 24. Qxd2 Bf8 25. Qd3 Kg7 26. Bf3 h5 27. Be2
Nd7 28. Qc4 Nb6 29. Qb3 Nc8 30. Qb2 f6 31. Qd2 Qd6 {(=)} 32. Bh6+ Kh7 33. Qxd6
Bxd6 34. Be3 Kg7 35. Bf1 Ne7 36. Bh3 Kf7 37. Kf1 f5 38. Bg5 Ke6 39. Ke2 b6 40.
Kd3 b5 41. axb5 axb5 42. f4 c5 43. fxe5 c4+ 44. Kd2 Kxe5 45. Bf4+ Ke6 46. exf5+
gxf5 47. Bxd6 Kxd6 48. Bg2 Ke5 49. Bf3 f4 50. gxf4+ Kxf4 51. Bxh5 Nf5 52. Be8
Nd6 53. Bd7 Kf3 54. Bc6+ Kg4 55. Ke3 Kh3 56. Kd4 Kxh2 57. Kc5 Nf5 58. Bxb5 1-0

[Event "II. CLANSKA LIGA ZAHOD 2023"]
[Site "Komenda"]
[Date "2023.11.19"]
[Round "4.2"]
[White "Simnic, Franci"]
[Black "Orel Music, Simona"]
[Result "1-0"]
[WhiteElo "1685"]
[BlackElo "1937"]
[PlyCount "91"]
[EventDate "2023.11.19"]
[WhiteTeam "SD RADOVLJICA"]
[BlackTeam "DRUSTVO TOMO ZUPAN"]

1. Nf3 c6 2. d4 d5 3. c4 Nf6 4. Nc3 dxc4 5. a4 Bf5 6. e3 e6 7. Bxc4 h6 8. O-O
Be7 9. Qe2 Ne4 10. Nxe4 Bxe4 11. Ne5 O-O 12. Qh5 Qe8 13. Ng4 Bg6 14. Qh3 Nd7
15. a5 h5 16. Ne5 Nxe5 17. dxe5 Rd8 18. f4 h4 19. Bb3 Be4 20. Ra4 Bf5 21. Qf3
Bc5 22. Kh1 Bd3 23. Rg1 Qe7 24. h3 Rd7 25. g3 Bb5 26. Ra1 Re8 27. Qg4 hxg3 28.
Rxg3 Qf8 29. f5 exf5 30. Qxf5 Rd5 31. Bxd5 cxd5 32. e4 Qe7 33. Bh6 g6 34. Rxg6+
fxg6 35. Qxg6+ Kh8 36. Bg5 Qxe5 37. Bf6+ Qxf6 38. Qxf6+ Kh7 39. Qf7+ Kh6 40.
Qxd5 Bc6 41. Qxc5 Rxe4 42. Kg1 Re6 43. Kf2 Rf6+ 44. Ke2 Re6+ 45. Kd2 Re8 46.
Rg1 1-0

[Event "II. CLANSKA LIGA ZAHOD 2023"]
[Site "Komenda"]
[Date "2023.11.19"]
[Round "4.3"]
[White "Logar, Metod"]
[Black "Krivec, Metod"]
[Result "1-0"]
[WhiteElo "1989"]
[BlackElo "1773"]
[PlyCount "57"]
[EventDate "2023.11.19"]
[WhiteTeam "DRUSTVO TOMO ZUPAN"]
[BlackTeam "SD RADOVLJICA"]

1. e4 e6 2. d4 d5 3. Nc3 Nf6 4. e5 Nfd7 5. f4 c5 6. Nf3 Nc6 7. Be3 Be7 8. Qd2
Qa5 9. Bd3 cxd4 10. Nxd4 a6 11. Nb3 Qc7 12. Qf2 b5 13. O-O Bb7 14. Ne2 Rc8 15.
c3 O-O 16. Rac1 f6 17. exf6 Nxf6 18. Qg3 Rce8 19. Nbd4 Bd6 20. Nxc6 Bxc6 21.
Nd4 Bb7 22. Qh4 g6 23. Rce1 Bc8 24. Nf3 Nh5 25. Ne5 Bxe5 26. fxe5 Qxe5 27.
Rxf8+ Rxf8 28. Bh6 Qf6 29. Rf1 1-0

[Event "II. CLANSKA LIGA ZAHOD 2023"]
[Site "Komenda"]
[Date "2023.11.19"]
[Round "4.4"]
[White "Torkar, Boris"]
[Black "Demsar, Maks"]
[Result "1-0"]
[WhiteElo "1783"]
[BlackElo "1532"]
[PlyCount "73"]
[EventDate "2023.11.19"]
[WhiteTeam "SD RADOVLJICA"]
[BlackTeam "DRUSTVO TOMO ZUPAN"]

1. d4 Nf6 2. c4 c5 3. e3 g6 4. Nf3 Bg7 5. Be2 O-O 6. O-O cxd4 7. exd4 d5 8. c5
Nc6 9. b3 Bg4 10. Bb2 Ne4 11. Na3 Nxc5 12. Nc2 Ne4 13. a3 a5 14. b4 axb4 15.
Nxb4 Nxb4 16. axb4 Bxf3 17. Rxa8 Qxa8 18. Bxf3 Qa2 19. Qc1 Qb3 20. Re1 f5 21.
Rd1 Ra8 22. Ba1 Qa2 23. Rf1 e6 24. h3 Nd2 25. Re1 Nb3 26. Qe3 Nxa1 27. Qxe6+
Kh8 28. Bxd5 Qa6 29. Qd7 Qf6 30. Qxb7 Rd8 31. Rxa1 Qxd4 32. Ra8 Bf6 33. Rxd8+
Bxd8 34. Qf7 Qd1+ 35. Kh2 Bc7+ 36. g3 Bxg3+ 37. Kg2 1-0

[Event "II. CLANSKA LIGA ZAHOD 2023"]
[Site "Komenda"]
[Date "2023.11.19"]
[Round "4.5"]
[White "Smirnov, Maksim"]
[Black "Sandic, Jovica"]
[Result "1-0"]
[WhiteElo "1491"]
[BlackElo "1743"]
[PlyCount "89"]
[EventDate "2023.11.19"]
[WhiteTeam "DRUSTVO TOMO ZUPAN"]
[BlackTeam "SD RADOVLJICA"]

1. d4 d5 2. Bf4 c6 3. c3 Nf6 4. e3 g6 5. Nf3 Bg7 6. h3 O-O 7. Be2 Nbd7 8. O-O
Qb6 9. Qb3 Qxb3 10. axb3 a6 11. Nbd2 Nh5 12. Bh2 Nhf6 13. b4 Re8 14. Nb3 Ne4
15. b5 Nb6 16. bxc6 bxc6 17. Bc7 Nc4 18. Bxc4 dxc4 19. Na5 Bd7 20. Nxc4 Be6 21.
Ncd2 Nd6 22. Ra5 Nc4 23. Nxc4 Bxc4 24. Rfa1 Rec8 25. Bg3 Rcb8 26. Bxb8 Rxb8 27.
Nd2 Bd3 28. b3 f6 29. c4 e5 30. dxe5 fxe5 31. Rxa6 e4 32. Ra8 Bxa1 33. Rxb8+
Kg7 34. Rc8 Bc3 35. Nf1 Bb4 36. Rxc6 h5 37. Rb6 Ba5 38. Rb7+ Kh6 39. b4 Bd8 40.
c5 Ba6 41. Ra7 Bb5 42. Nd2 Bd3 43. c6 Bb5 44. c7 Bxc7 45. Rxc7 1-0

[Event "II. CLANSKA LIGA ZAHOD 2023"]
[Site "Komenda"]
[Date "2023.11.19"]
[Round "4.6"]
[White "Bec, Alojz"]
[Black "Rogelj, Tomaz"]
[Result "0-1"]
[WhiteElo "1853"]
[BlackElo "1765"]
[PlyCount "40"]
[EventDate "2023.11.19"]
[WhiteTeam "SD RADOVLJICA"]
[BlackTeam "DRUSTVO TOMO ZUPAN"]

1. e4 c6 2. Nc3 d5 3. exd5 cxd5 4. h3 Nf6 5. d3 e5 6. Bg5 Be7 7. Nf3 Nc6 8. Be2
O-O 9. O-O h6 10. Bd2 e4 11. Nh2 Qb6 12. Rb1 Bf5 13. Ng4 Rad8 14. Nxf6+ Bxf6
15. a3 Rfe8 16. Bg4 Bg6 17. Bh5 Bh7 18. dxe4 dxe4 19. Qc1 Qc5 20. Be3 Qxh5 0-1

[Event "II. CLANSKA LIGA ZAHOD 2023"]
[Site "Komenda"]
[Date "2023.11.26"]
[Round "8.1"]
[White "Bulic, Josip"]
[Black "Vogrin, Aljaz"]
[Result "1-0"]
[WhiteElo "2236"]
[BlackElo "1633"]
[PlyCount "49"]
[EventDate "2023.11.26"]
[WhiteTeam "SD PIRAN"]
[BlackTeam "SD VRHNIKA"]

1. d4 e6 2. Nf3 f5 3. Bf4 Nf6 4. e3 Bd6 5. Bxd6 cxd6 6. c4 O-O 7. Nc3 Nc6 8.
Be2 b6 9. O-O Bb7 10. a3 Ne7 11. b4 d5 12. c5 Ng6 13. Rc1 f4 14. Nb5 Ne4 15.
Nd6 Qb8 16. Nxb7 Qxb7 17. Bd3 a5 18. Qc2 axb4 19. axb4 Ra3 20. Bxe4 dxe4 21.
Ng5 fxe3 22. fxe3 Rf5 23. Rxf5 exf5 24. Qc4+ d5 25. cxd6+ 1-0

[Event "II. CLANSKA LIGA ZAHOD 2023"]
[Site "Komenda"]
[Date "2023.11.26"]
[Round "8.2"]
[White "Vodnik, Val"]
[Black "Suc, Timothy"]
[Result "0-1"]
[WhiteElo "1556"]
[BlackElo "2030"]
[PlyCount "82"]
[EventDate "2023.11.26"]
[WhiteTeam "SD VRHNIKA"]
[BlackTeam "SD PIRAN"]

1. d4 d5 2. c4 e6 3. Nf3 a6 4. a4 Nf6 5. g3 dxc4 6. Qc2 Nc6 7. Qxc4 Bd6 8. Bg2
O-O 9. O-O e5 10. dxe5 Nxe5 11. Nxe5 Bxe5 12. Nc3 Be6 13. Qb4 Rb8 14. Be3 Bxc3
15. Qxc3 Nd5 16. Qd2 Nxe3 17. Qxe3 Qf6 18. b4 Rfe8 19. Qc5 c6 20. b5 cxb5 21.
axb5 b6 22. Qc2 axb5 23. Rfb1 Bc4 24. e3 Rbc8 25. Bb7 Rc5 26. Bg2 b4 27. Qa4 b5
28. Qxb4 Rc7 29. Rb2 g6 30. Rc1 Ra7 31. Bf1 Ra4 32. Qd2 Rd8 33. Qc2 Bxf1 34.
Kxf1 Rc4 35. Qb1 Rxc1+ 36. Qxc1 Qf3 37. Rb1 b4 38. Qc2 h5 39. h4 b3 40. Qxb3
Rd2 41. Rb2 Qxf2# 0-1

[Event "II. CLANSKA LIGA ZAHOD 2023"]
[Site "Komenda"]
[Date "2023.11.26"]
[Round "8.3"]
[White "Ribicic, Marko"]
[Black "Zlindra, Aljaz"]
[Result "0-1"]
[WhiteElo "1757"]
[BlackElo "1376"]
[PlyCount "57"]
[EventDate "2023.11.26"]
[WhiteTeam "SD PIRAN"]
[BlackTeam "SD VRHNIKA"]

1. e3 d5 2. d4 Nf6 3. c4 e6 4. Nf3 a6 5. Nc3 dxc4 6. Bxc4 b5 7. Bd3 Bb7 8. O-O
Be7 9. Ne5 Nbd7 10. f4 g6 11. Be2 c5 12. Bf3 Qc7 13. Bxb7 Qxb7 14. Qf3 Qxf3 15.
Nxf3 Rc8 16. Rd1 Nb6 17. Ne2 O-O 18. b3 Nbd5 19. Ng3 cxd4 20. Nxd4 Bc5 21. Nf1
Rfd8 22. Bb2 Ng4 23. Rac1 Ndxe3 24. Nxe3 Nxe3 25. Rd3 Nf5 26. Rcd1 Nxd4 27.
Bxd4 Bxd4+ 28. Rxd4 Rxd4 29. Rxd4 0-1

[Event "II. CLANSKA LIGA ZAHOD 2023"]
[Site "Komenda"]
[Date "2023.11.26"]
[Round "8.4"]
[White "Sever, Gasper"]
[Black "Debevec, Katarina"]
[Result "1-0"]
[WhiteElo "1406"]
[BlackElo "1335"]
[PlyCount "71"]
[EventDate "2023.11.26"]
[WhiteTeam "SD VRHNIKA"]
[BlackTeam "SD PIRAN"]

1. e4 c5 2. Nf3 Nc6 3. d4 cxd4 4. Nxd4 e5 5. Nb5 d6 6. N1c3 a6 7. Na3 Nf6 8.
Bg5 Be7 9. Bxf6 Bxf6 10. Nd5 b5 11. c3 O-O 12. Be2 Bg5 13. O-O f5 14. exf5 Bxf5
15. Ne3 Ne7 16. Nxf5 Nxf5 17. Qd5+ Kh8 18. Rad1 Rf6 19. Bf3 Rb8 20. Nc2 Qf8 21.
Nb4 Ne7 22. Qd3 a5 23. Nd5 Nxd5 24. Qxd5 Rxf3 25. Qxf3 Qxf3 26. gxf3 Be7 27.
Rd2 Rb6 28. a4 Kg8 29. Ra1 Bg5 30. Rd5 b4 31. c4 b3 32. Rxa5 Rc6 33. Rb5 Rxc4
34. Rxb3 Bf4 35. a5 d5 36. a6 1-0

[Event "II. CLANSKA LIGA ZAHOD 2023"]
[Site "Komenda"]
[Date "2023.11.26"]
[Round "8.5"]
[White "Goja, Matias"]
[Black "Kobal, Peter"]
[Result "0-1"]
[WhiteElo "1575"]
[BlackElo "2047"]
[PlyCount "118"]
[EventDate "2023.11.26"]
[WhiteTeam "SD PIRAN"]
[BlackTeam "SD VRHNIKA"]

1. e4 c5 2. Nf3 d6 3. c3 Nf6 4. Qc2 Nc6 5. Bb5 Qb6 6. Bxc6+ Qxc6 7. d3 c4 8.
Nbd2 cxd3 9. Qxd3 e5 10. O-O Be7 11. Re1 Bd7 12. b3 O-O-O 13. a4 h6 14. b4 Be6
15. b5 Qc7 16. a5 Nd7 17. Qe3 Nc5 18. Ba3 g5 19. Reb1 b6 20. Bxc5 Qxc5 21.
Qxc5+ bxc5 22. a6 Kc7 23. Nb3 g4 24. Nfd2 Bg5 25. Ra4 Kb6 26. c4 f5 27. exf5
Bxf5 28. Re1 Rhe8 29. f3 h5 30. fxg4 hxg4 31. Ne4 Bh6 32. Na5 d5 33. Nf6 dxc4
34. Nxe8 Rxe8 35. Nb7 Kxb5 36. Ra5+ Kb6 37. Re2 c3 38. Rxc5 c2 39. Rcxc2 Bxc2
40. Rxc2 Be3+ 41. Kf1 Kxa6 42. Nd6 Rh8 43. g3 Rf8+ 44. Ke1 Bd4 45. Ra2+ Kb6 46.
Ne4 Rf3 47. Ng5 Rf6 48. Ne4 Rc6 49. Kd1 a5 50. Nd2 Kb5 51. Nb3 a4 52. Nxd4+
exd4 53. Kd2 Rc3 54. Rb2+ Rb3 55. Ra2 Kb4 56. Kc2 a3 57. Kd1 Rb2 58. Ra1 a2 59.
Kc1 Rxh2 0-1

[Event "II. CLANSKA LIGA ZAHOD 2023"]
[Site "Komenda"]
[Date "2023.11.26"]
[Round "8.6"]
[White "Petek, Val"]
[Black "Levacic, Matic"]
[Result "1/2-1/2"]
[WhiteElo "1000"]
[BlackElo "1000"]
[PlyCount "99"]
[EventDate "2023.11.26"]
[WhiteTeam "SD VRHNIKA"]
[BlackTeam "SD PIRAN"]

1. d4 d5 2. Nf3 Nf6 3. c4 c6 4. e3 Bg4 5. cxd5 cxd5 6. Be2 e6 7. O-O Bd6 8. h3
Bh5 9. Nc3 O-O 10. Qb3 Qb6 11. Qxb6 axb6 12. Ne5 Bxe2 13. Nxe2 Nc6 14. f4 Ne4
15. Nc3 Nxc3 16. bxc3 f6 17. Nxc6 bxc6 18. a4 b5 19. a5 Ra6 20. Ba3 Bxa3 21.
Rxa3 Kf7 22. g4 Kg6 23. Kg2 f5 24. Kg3 fxg4 25. hxg4 h5 26. gxh5+ Kxh5 27. Rg1
Rfa8 28. Kf3 Rxa5 29. Rxa5 Rxa5 30. Rxg7 Ra3 31. f5 exf5 32. Kf4 Rxc3 33. Kxf5
Kh6 34. Rg3 b4 35. Ke6 Kh5 36. Kf5 Kh4 37. Kf4 b3 38. Rg2 Rc2 39. Rg8 Rf2+ 40.
Ke5 Rf3 41. Kd6 Rxe3 42. Kxc6 Re6+ 43. Kc5 Re1 44. Rb8 Rb1 45. Kxd5 b2 46. Kd6
Kg5 47. d5 Kf6 48. Kd7 Kg7 49. d6 Kf7 50. Rb7 1/2-1/2

[Event "II. CLANSKA LIGA ZAHOD 2023"]
[Site "Komenda"]
[Date "2023.11.26"]
[Round "8.1"]
[White "Rozman, Mitja"]
[Black "Jakob, Matthias"]
[Result "1/2-1/2"]
[WhiteElo "1984"]
[BlackElo "2023"]
[PlyCount "57"]
[EventDate "2023.11.26"]
[WhiteTeam "DRUSTVO TOMO ZUPAN"]
[BlackTeam "SK TRZIN"]

1. Nf3 b6 2. e4 Bb7 3. Nc3 e6 4. d4 Bb4 5. Bd3 Ne7 6. a3 Bxc3+ 7. bxc3 O-O 8.
Bg5 f6 9. Bh4 Ng6 10. Qe2 Nxh4 11. Nxh4 f5 12. Nf3 fxe4 13. Bxe4 Bxe4 14. Qxe4
Nc6 15. O-O Qf6 16. Rae1 Qf5 17. Re3 Qxe4 18. Rxe4 Rf5 19. c4 Raf8 20. Rd1 Na5
21. d5 exd5 22. cxd5 d6 23. Kf1 h6 24. Rdd4 Nb7 25. Re7 R8f7 26. Re8+ Rf8 27.
Re7 R8f7 28. Re8+ Rf8 29. Re7 1/2-1/2

[Event "II. CLANSKA LIGA ZAHOD 2023"]
[Site "Komenda"]
[Date "2023.11.26"]
[Round "8.2"]
[White "Jukan, Nesib"]
[Black "Bobnar, Samo"]
[Result "1/2-1/2"]
[WhiteElo "1949"]
[BlackElo "1853"]
[PlyCount "81"]
[EventDate "2023.11.26"]
[WhiteTeam "SK TRZIN"]
[BlackTeam "DRUSTVO TOMO ZUPAN"]

1. d4 Nf6 2. Bg5 d5 3. Bxf6 exf6 4. g3 c6 5. e3 Qb6 6. Qc1 Bf5 7. Nd2 Be7 8.
Ne2 O-O 9. Bg2 Nd7 10. O-O Rfe8 11. Re1 Bf8 12. a3 Rac8 13. b4 a5 14. c3 axb4
15. axb4 Ra8 16. Nb3 Ra6 17. Rxa6 Qxa6 18. Qb2 Nb6 19. Ra1 Na4 20. Qd2 Ra8 21.
Nec1 b5 22. Nd3 Qc8 23. Na5 g5 24. Re1 Qe6 25. f3 Re8 26. e4 dxe4 27. fxe4 Bg6
28. e5 Bxd3 29. Qxd3 Rc8 30. Be4 Rc7 31. Bxh7+ Kh8 32. Bf5 Qe7 33. g4 Kg8 34.
Bh7+ Kg7 35. Bf5 Kg8 36. Qg3 fxe5 37. Rxe5 Qd6 38. Qh3 Bh6 39. Bc2 Re7 40. Nxc6
Rxe5 41. Nxe5 1/2-1/2